Cuentos tradicionales europeos

Bewaard in:
Bibliografische gegevens
Hoofdauteur: Balcells, Jacqueline (Auteur)
Formaat: Boek
Taal:Spaans
Gepubliceerd in: Santiago Andrés Bello 1997
Editie:3a. ed
Onderwerpen:
Tags: Voeg label toe
Geen labels, Wees de eerste die dit record labelt!

MARC

LEADER 00000nam a2200000 a 4500
001 UCH7950
003 CL-VaPUC
008 091127e19970000CL |||||||||||||||||spa|d
020 |a 9561311410 
082 0 4 |a Ch863  |b BAL  |2 21 
100 0 |a Balcells, Jacqueline  |e author  |9 544331 
245 1 0 |a Cuentos tradicionales europeos 
250 |a 3a. ed 
300 |a 114 p 
942 |c BK 
945 |d 20091127 00:00:00  |a lazolas 
260 |a Santiago  |b Andrés Bello  |c 1997 
650 0 |a Cuentos infantiles chilenos   |9 308784 
650 7 |a CUENTOS EUROPEOS  |2 CL-VaPUC  |9 544332 
583 |a last modification  |c 20091127 00:00:00  |k Rodrigo Vera 
999 |c 338244  |d 338242